Новоземельская экскурсия. Часть первая. Общая; Краткий очерк гидрологии морей, омывающих берега Новой Земли; Физико-географический очерк Новой Земли; Очерк геоморфологии Новой Земли; Очерк геологического строения Новой Земли

Detalles Bibliográficos
Autor Corporativo: Международный Геологический Конгресс XVII сессия
Outros autores: Самойлович Р. Л. (редактор), Ермолаев М. М.
Idioma:ruso
Publicado: Москва, ОНТИ НКТП СССР, 1937
TOC:А. Ф. Лактионов, Краткий очерк гидрологии морей, омывающих берега Новой Земли;
В. Д. Александрова, А. И. Зубков, Физико-географический очерк Новой Земли;
Р. Л. Самойлович, Очерк геоморфологии Новой Земли;
М. М. Ермолаев, Очерк геологического строения Новой Земли;
Series:Международный геологический конгресс
Subjects:
Formato: Libro
KOHA link:https://koha.lib.tpu.ru/cgi-bin/koha/opac-detail.pl?biblionumber=376127

MARC

LEADER 00000nam0a2200000 4500
001 376127
005 20231101051847.0
035 |a (RuTPU)RU\TPU\retro\33567 
035 |a RU\TPU\book\276519 
090 |a 376127 
100 |a 20221221d1937 k y0rusy50 ca 
101 0 |a rus 
102 |a RU 
105 |a abf z 100zy 
200 1 |a Новоземельская экскурсия. Часть первая. Общая  |f Международный Геологический Конгресс, XVII сессия ; под ред. Р. Л. Самойловича и М. М. Ермолаева 
210 |a Москва  |c ОНТИ НКТП СССР  |d 1937  |a Ленинград 
215 |a 148 с.  |c ил., карты 
225 1 |a Международный геологический конгресс  |e XVII сессия, 1937 
317 |5 63413507: 179316  |a Поступила в НТБ в 1940 г. в составе книжного собрания академика М. А. Усова. 
464 |t Краткий очерк гидрологии морей, омывающих берега Новой Земли  |f А. Ф. Лактионов 
464 |t Физико-географический очерк Новой Земли  |f В. Д. Александрова, А. И. Зубков 
464 |t Очерк геоморфологии Новой Земли  |f Р. Л. Самойлович 
464 |t Очерк геологического строения Новой Земли  |f М. М. Ермолаев 
610 1 |a геология 
610 1 |a сессия 
610 1 |a библиотека М. А. Усова 
610 1 |a Новая Земля 
675 |a 55  |v 3 
702 1 |a Самойлович  |b Р. Л.  |4 340 
702 1 |a Ермолаев  |b М. М.  |4 340 
712 1 0 |a Международный Геологический Конгресс  |b XVII сессия  |e СССР. Москва  |f 1937 
801 1 |a RU  |b 63413507  |c 20090328  |g PSBO 
801 2 |a RU  |b 63413507  |c 20221221  |g PSBO 
942 |c BK